[Event "ROM-chT"]
[Site "Mamaia"]
[Date "2024.10.01"]
[Round "4.5"]
[White "Coca, Cristi Iulian"]
[Black "Ilinca Ilinca, Felix Antonio"]
[Result "0-1"]
[WhiteElo "2233"]
[BlackElo "2417"]
[PlyCount "140"]
[EventDate "2024.09.28"]
[EventType "team-tourn"]
[EventRounds "9"]
[EventCountry "ROU"]
[SourceTitle "EXT 2025"]
[Source "ChessBase"]
[SourceDate "2024.10.14"]
[SourceVersion "1"]
[SourceVersionDate "2024.10.14"]
[SourceQuality "1"]
[WhiteTeam "Galati Smart"]
[BlackTeam "Arad Vados"]
[WhiteTeamCountry "ROU"]
[BlackTeamCountry "ROU"]

1. e4 c5 2. c3 Nf6 3. e5 Nd5 4. Nf3 d6 5. exd6 e6 6. g3 Bxd6 7. Bg2 0-0 8. 0-0 Nc6 9. d4 Qc7 10. Na3 a6 11. Nc4 b5 12. Nxd6 Qxd6 13. a4 Bb7 14. dxc5 Qxc5 15. Qe2 h6 16. Nd2 Rfd8 17. Nb3 Qb6 18. Rd1 Nce7 19. axb5 axb5 20. Rxa8 Rxa8 21. Nd4 Ba6 22. Be3 b4 23. Qe1 Nxe3 24. Qxe3 Rd8 25. Ra1 bxc3 26. bxc3 Qd6 27. Be4 Bc4 28. Bc2 Nd5 29. Qf3 Qb6 30. Rb1 Qa6 31. h4 Qa2 32. Qe4 Nf6 33. Qf4 Bd5 34. Rb8 Qa1+ 35. Bb1 Re8 36. Kh2 Qxc3 37. Rxe8+ Nxe8 38. Be4 Bxe4 39. Qxe4 Nf6 40. Qa8+ Kh7 41. Ne2 Qd3 42. Qa2 Qf3 43. Qc2+ Ne4 44. Nc3 Qxf2+ 45. Qxf2 Nxf2 46. Kg2 Ng4 47. Ne4 h5 48. Ng5+ Kg6 49. Kf3 Kf5 50. Kg2 f6 51. Nf7 e5 52. Nd6+ Ke6 53. Ne8 g6 54. Nc7+ Kd6 55. Nb5+ Kd5 56. Nc7+ Ke4 57. Ne6 Kd3 58. Nf8 e4 59. Nxg6 e3 60. Nf4+ Kd2 61. Kf3 Nh2+ 62. Kg2 e2 63. Nxe2 Kxe2 64. Kxh2 Kf3 65. Kh3 f5 66. Kh2 Kf2 67. Kh1 Kxg3 68. Kg1 Kxh4 69. Kg2 Kg4 70. Kh2 Kf3 0-1

[Event "ROM-chT"]
[Site "Mamaia"]
[Date "2024.09.30"]
[Round "3.5"]
[White "Patrascu, Catalin Lucian"]
[Black "Coca, Cristi Iulian"]
[Result "0-1"]
[WhiteElo "2298"]
[BlackElo "2233"]
[PlyCount "92"]
[EventDate "2024.09.28"]
[EventType "team-tourn"]
[EventRounds "9"]
[EventCountry "ROU"]
[SourceTitle "EXT 2025"]
[Source "ChessBase"]
[SourceDate "2024.10.14"]
[SourceVersion "1"]
[SourceVersionDate "2024.10.14"]
[SourceQuality "1"]
[WhiteTeam "Buzau Phoenix"]
[BlackTeam "Galati Smart"]
[WhiteTeamCountry "ROU"]
[BlackTeamCountry "ROU"]

1. d4 Nf6 2. c4 g6 3. Nc3 Bg7 4. e4 d6 5. Nf3 0-0 6. Be2 Nbd7 7. 0-0 e5 8. Be3 Qe7 9. d5 c5 10. a3 h6 11. Qc1 Kh7 12. g3 Ng8 13. Nh4 Ndf6 14. f3 Bh3 15. Rf2 Nh5 16. Ng2 Rae8 17. Bd3 Kh8 18. Qc2 Bf6 19. b4 b6 20. Rb1 Bg5 21. Bxg5 hxg5 22. Ne3 Nh6 23. bxc5 bxc5 24. Qc1 f5 25. Bf1 Bxf1 26. Nxf1 Rb8 27. Rfb2 Rxb2 28. Rxb2 Kg7 29. exf5 gxf5 30. Qb1 Rf7 31. Ne2 e4 32. Rb3 exf3 33. Qb2+ Kh7 34. Rxf3 Qe4 35. Re3 Qxc4 36. Qb8 Qxd5 37. Nc3 Qd4 38. Nb5 Qb2 39. Re8 Ng4 40. Kh1 Nf2+ 41. Kg1 Ne4 42. Kh1 a6 43. Rf8 Rxf8 44. Qxf8 Qxb5 45. Qxf5+ Kg7 46. Nd2 Nexg3+ 0-1

[Event "Titled Tuesday intern op 27th Feb Late"]
[Site "Chess.com INT"]
[Date "2024.02.27"]
[Round "5"]
[White "Coca, Cristi Iulian"]
[Black "Serban, Cristian Stefan"]
[Result "0-1"]
[WhiteElo "2235"]
[BlackElo "2309"]
[PlyCount "56"]
[EventDate "2024.02.27"]
[EventType "swiss (blitz)"]
[EventRounds "11"]
[EventCountry "USA"]
[SourceTitle "CBM 219 Extra"]
[Source "ChessBase"]
[SourceDate "2024.05.31"]
[SourceVersion "1"]
[SourceVersionDate "2024.05.31"]
[SourceQuality "1"]

1. e4 Nc6 2. d4 d5 3. e5 Bf5 4. c3 a5 5. Bb5 e6 6. h4 h6 7. g4 Be4 8. f3 Bg6 9. h5 Bh7 10. Be3 Nge7 11. Nd2 Nc8 12. Ne2 N8a7 13. a4 Be7 14. Ng3 Qd7 15. Be2 f6 16. f4 fxe5 17. dxe5 b6 18. Nf3 Bc5 19. Qd2 0-0-0 20. Bxc5 bxc5 21. Bb5 Qf7 22. Qe3 Rhf8 23. Qxc5 Qxf4 24. Bxc6 Qxg3+ 25. Kd2 Qg2+ 26. Ke1 Qxh1+ 27. Ng1 Nxc6 28. Qxc6 Qxg1+ 0-1

[Event "Titled Tuesday intern op 27th Feb Late"]
[Site "Chess.com INT"]
[Date "2024.02.27"]
[Round "2"]
[White "Schnaider, Ilan"]
[Black "Coca, Cristi Iulian"]
[Result "1-0"]
[WhiteElo "2323"]
[BlackElo "2235"]
[PlyCount "73"]
[EventDate "2024.02.27"]
[EventType "swiss (blitz)"]
[EventRounds "11"]
[EventCountry "USA"]
[SourceTitle "CBM 219 Extra"]
[Source "ChessBase"]
[SourceDate "2024.05.31"]
[SourceVersion "1"]
[SourceVersionDate "2024.05.31"]
[SourceQuality "1"]

1. e4 c5 2. Nf3 e6 3. d4 cxd4 4. Nxd4 a6 5. c4 Nf6 6. Nc3 Qc7 7. a3 b6 8. Be3 Bb7 9. f3 d6 10. Be2 Nbd7 11. 0-0 Be7 12. Rc1 Rc8 13. b4 0-0 14. Kh1 Qb8 15. Qd2 Rfe8 16. Rfd1 Bd8 17. g4 Ne5 18. g5 Nfd7 19. Na4 Qa8 20. Nb3 Bxe4 21. fxe4 Qxe4+ 22. Kg1 Nxc4 23. Bxc4 Rxc4 24. Nc3 Qg4+ 25. Qg2 Qh5 26. Rd4 Rxd4 27. Nxd4 Ne5 28. Ne4 b5 29. h3 Bb6 30. Kh1 Bxd4 31. Bxd4 Nf3 32. Be3 Ne5 33. Rf1 Rc8 34. Rg1 Kh8 35. Bf4 Rc4 36. Bxe5 dxe5 37. Ng3 1-0

[Event "Titled Tuesday intern op 20th Feb Late"]
[Site "Chess.com INT"]
[Date "2024.02.20"]
[Round "4"]
[White "Coca, Cristi Iulian"]
[Black "Rustemov, Alexander"]
[Result "0-1"]
[WhiteElo "2235"]
[BlackElo "2525"]
[PlyCount "66"]
[EventDate "2024.02.20"]
[EventType "swiss (blitz)"]
[EventRounds "11"]
[EventCountry "USA"]
[SourceTitle "EXT 2025"]
[Source "ChessBase"]
[SourceDate "2024.10.14"]
[SourceVersion "1"]
[SourceVersionDate "2024.10.14"]
[SourceQuality "1"]

1. e4 e6 2. d4 d5 3. Nc3 dxe4 4. Nxe4 Bd7 5. c3 Bc6 6. Bd3 Nd7 7. Nf3 Ngf6 8. Ng3 Be7 9. 0-0 0-0 10. a4 Bd5 11. Ne5 b6 12. a5 bxa5 13. Re1 c5 14. Nxd7 Nxd7 15. c4 Bb7 16. d5 Bf6 17. Bf4 exd5 18. cxd5 g6 19. Nh5 Bd4 20. Bh6 Re8 21. Rxe8+ Qxe8 22. Qg4 Bxd5 23. Bb5 Be6 24. Qf3 Rb8 25. Bxd7 Qxd7 26. Nf6+ Bxf6 27. Qxf6 Qd4 28. Qe7 Qxb2 29. Rd1 Qd4 30. Re1 Qd8 31. Qxc5 Qh4 32. Be3 Qb4 33. Qe5 Qxe1# 0-1

[Event "Titled Tuesday intern op 20th Feb Late"]
[Site "Chess.com INT"]
[Date "2024.02.20"]
[Round "5"]
[White "Gallego Bergada, Antoni"]
[Black "Coca, Cristi Iulian"]
[Result "1-0"]
[WhiteElo "2123"]
[BlackElo "2235"]
[PlyCount "89"]
[EventDate "2024.02.20"]
[EventType "swiss (blitz)"]
[EventRounds "11"]
[EventCountry "USA"]
[SourceTitle "EXT 2025"]
[Source "ChessBase"]
[SourceDate "2024.10.14"]
[SourceVersion "1"]
[SourceVersionDate "2024.10.14"]
[SourceQuality "1"]

1. d4 Nf6 2. Nc3 g6 3. e4 d6 4. Bg5 Bg7 5. e5 Nfd7 6. exd6 cxd6 7. Qd2 0-0 8. 0-0-0 Nc6 9. Nf3 Qa5 10. Kb1 Re8 11. h4 Nf6 12. Bc4 Bg4 13. Rde1 Qb4 14. Qd3 Bf5 15. Qe2 e6 16. Bb3 Rac8 17. Qb5 a6 18. Qxb4 Nxb4 19. a3 Nc6 20. d5 e5 21. dxc6 Rxc6 22. Rd1 Rec8 23. Bxf6 Bxf6 24. Nd5 Bd8 25. Ne3 Be4 26. Nd2 Bf5 27. Bd5 Rc5 28. Be4 Be6 29. Nb3 R5c7 30. Nd5 Bxd5 31. Bxd5 Be7 32. Be4 Kg7 33. Rd2 f5 34. Bd5 h5 35. g3 b6 36. Rhd1 a5 37. Nc1 Rc5 38. Ne2 Kf6 39. Nc3 Bf8 40. Na4 Rb5 41. c4 Rb3 42. Ka2 Rb4 43. axb4 axb4 44. Nxb6 Rc5 45. Nd7+ 1-0

[Event "Titled Tuesday intern op 20th Feb Late"]
[Site "Chess.com INT"]
[Date "2024.02.20"]
[Round "8"]
[White "Gonzalez Zharikov, Andrey"]
[Black "Coca, Cristi Iulian"]
[Result "0-1"]
[WhiteElo "1985"]
[BlackElo "2235"]
[PlyCount "58"]
[EventDate "2024.02.20"]
[EventType "swiss (blitz)"]
[EventRounds "11"]
[EventCountry "USA"]
[SourceTitle "EXT 2025"]
[Source "ChessBase"]
[SourceDate "2024.10.14"]
[SourceVersion "1"]
[SourceVersionDate "2024.10.14"]
[SourceQuality "1"]

1. e4 c5 2. Nf3 e6 3. c3 d5 4. exd5 Qxd5 5. d4 Nf6 6. Na3 Nc6 7. Bc4 Qd8 8. Nc2 Be7 9. 0-0 0-0 10. Bg5 cxd4 11. Ncxd4 Nxd4 12. Nxd4 a6 13. Qf3 Qc7 14. Bd3 h6 15. Bh4 Bd7 16. Bg3 Qb6 17. Qe2 Rfd8 18. Rad1 Rac8 19. Kh1 Be8 20. f4 Bf8 21. f5 exf5 22. Bxf5 Rc5 23. Bh4 Bb5 24. Bd3 Bxd3 25. Rxd3 Re8 26. Qf2 Be7 27. Nf5 Ng4 28. Qg3 Rxf5 29. Rxf5 Bxh4 0-1

[Event "Titled Tuesday intern op 20th Feb Late"]
[Site "Chess.com INT"]
[Date "2024.02.20"]
[Round "11"]
[White "Herman, Matthew J"]
[Black "Coca, Cristi Iulian"]
[Result "1-0"]
[WhiteElo "2383"]
[BlackElo "2235"]
[PlyCount "47"]
[EventDate "2024.02.20"]
[EventType "swiss (blitz)"]
[EventRounds "11"]
[EventCountry "USA"]
[SourceTitle "EXT 2025"]
[Source "ChessBase"]
[SourceDate "2024.10.14"]
[SourceVersion "1"]
[SourceVersionDate "2024.10.14"]
[SourceQuality "1"]

1. e4 c5 2. Nf3 e6 3. d4 cxd4 4. Nxd4 a6 5. Bd3 Bc5 6. Nb3 Ba7 7. Qg4 Nf6 8. Qg3 h5 9. Bg5 d6 10. Nc3 Nc6 11. 0-0-0 Qc7 12. Rhe1 Bd7 13. Bh4 Ng4 14. Re2 Nd4 15. Nxd4 Bxd4 16. h3 Ne5 17. f4 Bxc3 18. bxc3 Nxd3+ 19. Rxd3 Bb5 20. Qxg7 Rf8 21. c4 Qxc4 22. Rc3 Qxe2 23. Qf6 Qe1+ 24. Bxe1 1-0

[Event "Titled Tuesday intern op 20th Feb Late"]
[Site "Chess.com INT"]
[Date "2024.02.20"]
[Round "2"]
[White "Sjugirov, Sanan"]
[Black "Coca, Cristi Iulian"]
[Result "1-0"]
[WhiteElo "2695"]
[BlackElo "2235"]
[PlyCount "101"]
[EventDate "2024.02.20"]
[EventType "swiss (blitz)"]
[EventRounds "11"]
[EventCountry "USA"]
[SourceTitle "EXT 2025"]
[Source "ChessBase"]
[SourceDate "2024.10.14"]
[SourceVersion "1"]
[SourceVersionDate "2024.10.14"]
[SourceQuality "1"]

1. d4 Nf6 2. Nf3 g6 3. c4 Bg7 4. Nc3 0-0 5. e4 d6 6. Be2 Nbd7 7. 0-0 e5 8. Re1 Qe7 9. Bf1 c6 10. h3 Re8 11. d5 c5 12. a3 h6 13. b4 b6 14. Rb1 Nh7 15. Bd3 Rf8 16. Nb5 Ndf6 17. bxc5 bxc5 18. Qa4 Ne8 19. Nc3 Bd7 20. Qa5 Bc8 21. Qa4 a6 22. Rb6 f5 23. Qc6 Ra7 24. exf5 Rc7 25. f6 Rxc6 26. fxe7 Rxb6 27. exf8Q+ Nxf8 28. Bc2 Bf5 29. Ne4 Nf6 30. Nfd2 Nxe4 31. Nxe4 Bxe4 32. Bxe4 Kf7 33. Bc2 Nd7 34. Re3 Nf6 35. Rg3 g5 36. Rf3 Ke7 37. g3 Ne8 38. Kg2 Bf6 39. Bg6 Ng7 40. h4 gxh4 41. Bxh6 hxg3 42. Bxg7 Bxg7 43. Rf7+ Kd8 44. Rxg7 Rb2 45. Kxg3 Rb3+ 46. Kg4 Rxa3 47. Kf5 Rf3+ 48. Ke6 Rxf2 49. Kxd6 Rf6+ 50. Kxe5 Rb6 51. d6 1-0

[Event "Titled Tuesday intern op 13th Feb Late"]
[Site "Chess.com INT"]
[Date "2024.02.13"]
[Round "1"]
[White "Coca, Cristi Iulian"]
[Black "Korchmar, Vasiliy"]
[Result "0-1"]
[WhiteElo "2235"]
[BlackElo "2438"]
[PlyCount "66"]
[EventDate "2024.02.13"]
[EventType "swiss (blitz)"]
[EventRounds "11"]
[EventCountry "USA"]
[SourceTitle "CBM 218 Extra"]
[Source "ChessBase"]
[SourceDate "2024.03.31"]
[SourceVersion "1"]
[SourceVersionDate "2024.03.31"]
[SourceQuality "1"]

1. e4 c5 2. c3 d5 3. exd5 Nf6 4. Bb5+ Nbd7 5. c4 a6 6. Ba4 b5 7. cxb5 Nxd5 8. Nf3 N7b6 9. bxa6+ Nxa4 10. Qxa4+ Bd7 11. Qc4 e6 12. Nc3 Nb6 13. Qe2 Bd6 14. 0-0 0-0 15. d4 cxd4 16. Nxd4 Qh4 17. Nf3 Qh5 18. Be3 Bc6 19. h3 Nd5 20. Nxd5 Bxd5 21. Nd4 Qe5 22. f4 Qe4 23. Rf3 e5 24. Nb5 Bb4 25. Nc3 Bxc3 26. bxc3 exf4 27. Rxf4 Qe6 28. Qf2 Rxa6 29. a3 h5 30. Bd4 Qg6 31. Bc5 Re8 32. Bb4 Rae6 33. Re1 Rxe1+ 0-1

[Event "Titled Tuesday intern op 13th Feb Late"]
[Site "Chess.com INT"]
[Date "2024.02.13"]
[Round "2"]
[White "Coca, Cristi Iulian"]
[Black "Zwirs, Nico"]
[Result "0-1"]
[WhiteElo "2235"]
[BlackElo "2474"]
[PlyCount "57"]
[EventDate "2024.02.13"]
[EventType "swiss (blitz)"]
[EventRounds "11"]
[EventCountry "USA"]
[SourceTitle "CBM 218 Extra"]
[Source "ChessBase"]
[SourceDate "2024.03.31"]
[SourceVersion "1"]
[SourceVersionDate "2024.03.31"]
[SourceQuality "1"]

1. e4 c5 2. c3 d5 3. exd5 Qxd5 4. Nf3 g6 5. d4 Bg7 6. Nbd2 cxd4 7. Bc4 Qd8 8. Qb3 Nh6 9. Ne4 0-0 10. Bxh6 Bxh6 11. Rd1 Nc6 12. Nxd4 Nxd4 13. Rxd4 Qc7 14. 0-0 Bf5 15. Ng3 Bd7 16. Rfd1 Bc6 17. h4 Bg7 18. R4d3 e6 19. h5 a6 20. hxg6 hxg6 21. R3d2 Rac8 22. Bf1 Be5 23. Rd3 Kg7 24. Qc4 Rh8 25. Qg4 Qe7 26. Re3 Rh4 27. Qe2 Bf4 28. Red3 Rch8 29. f3 0-1

[Event "Titled Tuesday intern op 13th Feb Late"]
[Site "Chess.com INT"]
[Date "2024.02.13"]
[Round "3"]
[White "De Souza, Arthur Olintho"]
[Black "Coca, Cristi Iulian"]
[Result "1-0"]
[WhiteElo "2113"]
[BlackElo "2235"]
[PlyCount "59"]
[EventDate "2024.02.13"]
[EventType "swiss (blitz)"]
[EventRounds "11"]
[EventCountry "USA"]
[SourceTitle "CBM 218 Extra"]
[Source "ChessBase"]
[SourceDate "2024.03.31"]
[SourceVersion "1"]
[SourceVersionDate "2024.03.31"]
[SourceQuality "1"]

1. e4 c5 2. c3 d5 3. exd5 Qxd5 4. d4 Nf6 5. Nf3 e6 6. Na3 Nc6 7. Be3 cxd4 8. Nb5 Qd8 9. Nbxd4 Bd7 10. Bd3 Be7 11. 0-0 Nd5 12. Bd2 Bf6 13. Qe2 0-0 14. Qe4 g6 15. Bh6 Re8 16. h4 Nxd4 17. cxd4 Bc6 18. Qg4 Nb4 19. Be4 Bxe4 20. Qxe4 Qd5 21. Qg4 Rad8 22. Rfd1 Nxa2 23. h5 a6 24. hxg6 hxg6 25. Ne5 Bxe5 26. dxe5 Qb3 27. Rxd8 Rxd8 28. Qh4 Rd1+ 29. Kh2 Qd5 30. Qf6 1-0

[Event "Titled Tuesday intern op 05th Dec Late"]
[Site "Chess.com INT"]
[Date "2023.12.05"]
[Round "3"]
[White "Amburgy, Ryan"]
[Black "Coca, Cristi Iulian"]
[Result "1-0"]
[WhiteElo "2192"]
[BlackElo "2235"]
[PlyCount "61"]
[EventDate "2023.12.05"]
[EventType "swiss (blitz)"]
[EventRounds "11"]
[EventCountry "USA"]
[SourceTitle "EXT 2025"]
[Source "ChessBase"]
[SourceDate "2024.10.14"]
[SourceVersion "1"]
[SourceVersionDate "2024.10.14"]
[SourceQuality "1"]

1. d4 Nf6 2. c4 g6 3. Nc3 Bg7 4. e4 d6 5. Nf3 0-0 6. Be2 Nbd7 7. 0-0 e5 8. Be3 Qe7 9. Qc2 c6 10. Rad1 Kh8 11. h3 Ng8 12. Bg5 f6 13. Bh4 Qe8 14. Rfe1 g5 15. Bg3 Qg6 16. dxe5 fxe5 17. Qd2 g4 18. Nh4 Qf7 19. Bxg4 Nb6 20. b3 Bxg4 21. hxg4 Nh6 22. f3 Rad8 23. c5 Nc8 24. cxd6 Rxd6 25. Qg5 Rxd1 26. Rxd1 Qe8 27. Qd2 Nf7 28. Qd7 Qxd7 29. Rxd7 Ncd6 30. Nf5 Bf6 31. Nxd6 1-0

[Event "Titled Tuesday intern op 05th Dec Late"]
[Site "Chess.com INT"]
[Date "2023.12.05"]
[Round "2"]
[White "Coca, Cristi Iulian"]
[Black "Einarsson, Halldor Gretar"]
[Result "1-0"]
[WhiteElo "2235"]
[BlackElo "2198"]
[PlyCount "83"]
[EventDate "2023.12.05"]
[EventType "swiss (blitz)"]
[EventRounds "11"]
[EventCountry "USA"]
[SourceTitle "EXT 2025"]
[Source "ChessBase"]
[SourceDate "2024.10.14"]
[SourceVersion "1"]
[SourceVersionDate "2024.10.14"]
[SourceQuality "1"]

1. e4 c5 2. c3 Nf6 3. e5 Nd5 4. Nf3 Nc6 5. Bc4 Nb6 6. Bb3 d5 7. exd6 Qxd6 8. 0-0 c4 9. Bc2 Bg4 10. h3 Bh5 11. Re1 e6 12. b3 Be7 13. Na3 Qc5 14. bxc4 Nxc4 15. d4 Qa5 16. Nxc4 Qxc3 17. Nb2 Bxf3 18. gxf3 Nxd4 19. Be4 Rd8 20. Re3 Qc5 21. Rd3 0-0 22. Be3 Bf6 23. Rc1 Qb4 24. Bxd4 Bxd4 25. Rc4 Qxb2 26. Rcxd4 Rxd4 27. Rxd4 Qxa2 28. Bxb7 Qb2 29. Be4 a5 30. Qa4 g6 31. Kg2 Qc3 32. Rd3 Qc5 33. Ra3 Qg5+ 34. Kh1 Rc8 35. Ra1 Rc3 36. Rg1 Qe5 37. Rg3 Qc5 38. h4 Qxf2 39. Rg1 Qxh4+ 40. Kg2 Qg5+ 41. Kf2 Qd2+ 42. Kg3 1-0

[Event "Titled Tuesday intern op 05th Dec Late"]
[Site "Chess.com INT"]
[Date "2023.12.05"]
[Round "4"]
[White "Coca, Cristi Iulian"]
[Black "Golubenko, Valentina"]
[Result "1-0"]
[WhiteElo "2235"]
[BlackElo "2209"]
[PlyCount "93"]
[EventDate "2023.12.05"]
[EventType "swiss (blitz)"]
[EventRounds "11"]
[EventCountry "USA"]
[SourceTitle "EXT 2025"]
[Source "ChessBase"]
[SourceDate "2024.10.14"]
[SourceVersion "1"]
[SourceVersionDate "2024.10.14"]
[SourceQuality "1"]

1. e4 e6 2. d4 d5 3. Nc3 Nf6 4. exd5 exd5 5. Bd3 Bd6 6. Nf3 0-0 7. 0-0 c5 8. Bg5 Be6 9. dxc5 Bxc5 10. Ne2 Nc6 11. c3 h6 12. Bh4 Bg4 13. Nfd4 Nxd4 14. cxd4 Bxd4 15. h3 Bxe2 16. Qxe2 Qb6 17. Rad1 Qxb2 18. Qf3 b6 19. Qf5 g6 20. Qf4 Kg7 21. Bxg6 fxg6 22. Rxd4 Rae8 23. Rfd1 g5 24. Qg3 Ne4 25. Qg4 Nxf2 26. Bxf2 Qxf2+ 27. Kh1 Qf5 28. Qg3 Re5 29. Qc3 Rfe8 30. Rxd5 Kg6 31. Rd6+ R8e6 32. Rd8 Qf4 33. Qc2+ Qf5 34. Qc3 Qf4 35. Rg1 Qf5 36. Rg8+ Kf7 37. Qc8 Re8 38. Qc4+ Qe6 39. Rxe8 Kxe8 40. Qa4+ Ke7 41. Qxa7+ Kf6 42. Qa8 Kg6 43. Qf3 Re1 44. Qd3+ Kg7 45. Qc3+ Qf6 46. Qxe1 Kg6 47. Qe4+ 1-0

[Event "Titled Tuesday intern op 05th Dec Late"]
[Site "Chess.com INT"]
[Date "2023.12.05"]
[Round "1"]
[White "Drozdowski, Kacper"]
[Black "Coca, Cristi Iulian"]
[Result "1-0"]
[WhiteElo "2448"]
[BlackElo "2235"]
[PlyCount "117"]
[EventDate "2023.12.05"]
[EventType "swiss (blitz)"]
[EventRounds "11"]
[EventCountry "USA"]
[SourceTitle "EXT 2025"]
[Source "ChessBase"]
[SourceDate "2024.10.14"]
[SourceVersion "1"]
[SourceVersionDate "2024.10.14"]
[SourceQuality "1"]

1. e4 c5 2. Nf3 e6 3. d4 cxd4 4. Nxd4 a6 5. Bd3 Bc5 6. Nb3 Ba7 7. Qg4 Nf6 8. Qg3 d6 9. Nc3 Nbd7 10. Qxd6 Ng4 11. Nd1 Qf6 12. Qg3 h5 13. Bf4 g5 14. Bd6 e5 15. Bb4 Nb8 16. h3 h4 17. Qf3 Qxf3 18. gxf3 Nf6 19. Ne3 Nc6 20. Bc3 Bxe3 21. fxe3 Nh5 22. 0-0-0 f6 23. Nd2 Be6 24. Nc4 Bxc4 25. Bxc4 Ke7 26. Rd2 Rad8 27. Rxd8 Rxd8 28. a4 Ng3 29. Rd1 Rxd1+ 30. Kxd1 Nh1 31. Be1 Kd6 32. Bd5 Ne7 33. Bxb7 a5 34. Ke2 Kc7 35. Ba6 Kb6 36. Bc4 f5 37. exf5 Nxf5 38. Be6 Nhg3+ 39. Kd3 Nd6 40. Bg4 e4+ 41. fxe4 Ndxe4 42. Bxg3 Nxg3 43. c3 Kc5 44. b3 Nf1 45. Bc8 Nh2 46. Ke4 Nf1 47. Be6 Nd2+ 48. Kf5 Kd6 49. Bg8 Nf3 50. Kg4 Ne5+ 51. Kxg5 Nf3+ 52. Kg4 Ng1 53. Kxh4 Ne2 54. Bc4 Nxc3 55. Kg5 Ke5 56. h4 Ne4+ 57. Kg6 Nf6 58. h5 Ng8 59. Bxg8 1-0

[Event "Titled Tuesday intern op 28th Nov Late"]
[Site "Chess.com INT"]
[Date "2023.11.28"]
[Round "3"]
[White "Gonzalez Zharikov, Andrey"]
[Black "Coca, Cristi Iulian"]
[Result "0-1"]
[WhiteElo "1954"]
[BlackElo "2271"]
[PlyCount "56"]
[EventDate "2023.11.28"]
[EventType "swiss (blitz)"]
[EventRounds "11"]
[EventCountry "USA"]
[SourceTitle "EXT 2025"]
[Source "ChessBase"]
[SourceDate "2024.10.14"]
[SourceVersion "1"]
[SourceVersionDate "2024.10.14"]
[SourceQuality "1"]

1. e4 c5 2. Nf3 e6 3. d4 cxd4 4. Nxd4 a6 5. c4 Nf6 6. Nc3 Qc7 7. a3 b6 8. Be2 Bb7 9. f3 d6 10. Be3 Nbd7 11. 0-0 Be7 12. Rc1 Rc8 13. b4 Qb8 14. Kh1 0-0 15. Bg1 Rfe8 16. Qb3 h5 17. Rc2 h4 18. Rb1 h3 19. a4 hxg2+ 20. Kxg2 Nh5 21. Be3 Ne5 22. f4 Nxc4 23. Bxc4 d5 24. exd5 Nxf4+ 25. Kf1 Qe5 26. Re1 exd5 27. Nf3 dxc4 28. Qb1 Bxf3 0-1

[Event "Titled Tuesday intern op 21st Nov Late"]
[Site "Chess.com INT"]
[Date "2023.11.21"]
[Round "4"]
[White "Bernat, David"]
[Black "Coca, Cristi Iulian"]
[Result "0-1"]
[WhiteElo "1862"]
[BlackElo "2271"]
[PlyCount "86"]
[EventDate "2023.11.21"]
[EventType "swiss (blitz)"]
[EventRounds "11"]
[EventCountry "USA"]
[SourceTitle "EXT 2025"]
[Source "ChessBase"]
[SourceDate "2024.10.14"]
[SourceVersion "1"]
[SourceVersionDate "2024.10.14"]
[SourceQuality "1"]

1. c4 Nf6 2. Nc3 g6 3. e4 d6 4. g3 Bg7 5. Bg2 0-0 6. Nge2 c5 7. 0-0 Nc6 8. d3 Ne8 9. Be3 Nc7 10. d4 cxd4 11. Nxd4 a6 12. Nxc6 bxc6 13. Rc1 Rb8 14. b3 a5 15. Qd2 c5 16. Rfd1 Ne6 17. Ne2 Qb6 18. Bh6 a4 19. Bxg7 Kxg7 20. bxa4 Qb4 21. Nc3 Nd4 22. Nd5 Qxd2 23. Rxd2 e6 24. Nc3 Rb4 25. Nb5 e5 26. Nxd6 Rxa4 27. f4 f6 28. Rf1 Be6 29. fxe5 fxe5 30. Rxf8 Kxf8 31. Nb7 Rxc4 32. h4 Rc1+ 33. Kh2 Ke7 34. a4 c4 35. a5 c3 36. Rd3 c2 37. Rc3 Ra1 38. Rc7+ Kf6 39. g4 g5 40. hxg5+ Kxg5 41. a6 c1Q 42. Rxc1 Rxc1 43. a7 Ra1 0-1

[Event "Titled Tuesday intern op 14th Nov Early"]
[Site "Chess.com INT"]
[Date "2023.11.14"]
[Round "8"]
[White "Coca, Cristi Iulian"]
[Black "Arhan, Chethan Anand"]
[Result "1/2-1/2"]
[WhiteElo "2271"]
[BlackElo "2378"]
[PlyCount "125"]
[EventDate "2023.11.14"]
[EventType "swiss (blitz)"]
[EventRounds "11"]
[EventCountry "USA"]
[SourceTitle "CBM 217 Extra"]
[Source "ChessBase"]
[SourceDate "2024.01.31"]
[SourceVersion "1"]
[SourceVersionDate "2024.01.31"]
[SourceQuality "1"]

1. e4 c5 2. c3 Nf6 3. e5 Nd5 4. Nf3 Nc6 5. Bc4 Nb6 6. Bb3 d5 7. exd6 Qxd6 8. 0-0 Bf5 9. d4 cxd4 10. Nxd4 Nxd4 11. cxd4 e6 12. Nc3 Be7 13. Qf3 0-0 14. Qxb7 Rfb8 15. Qf3 Qxd4 16. Bf4 Bd6 17. Ne2 Qb4 18. a3 Be4 19. axb4 Bxf3 20. gxf3 Bxf4 21. Nxf4 Nd7 22. Rfd1 Ne5 23. Nxe6 Rxb4 24. Rxa7 Nxf3+ 25. Kg2 Nh4+ 26. Kf1 Rc8 27. Nc5 h6 28. Rxf7 Kh8 29. Rb7 Rf4 30. Ne6 Rg4 31. Rd8+ Rxd8 32. Nxd8 Nf3 33. Nf7+ Kh7 34. h3 Rg1+ 35. Ke2 Nd4+ 36. Kd3 Nf3 37. Ke3 Nh4 38. Bc2+ Kg8 39. Ne5 g5 40. Bb3+ Kf8 41. Ng4 Nf5+ 42. Ke4 Nd6+ 43. Ke5 Nxb7 44. Nxh6 Nc5 45. Bd5 Re1+ 46. Kf5 Nd3 47. Ng4 Nxb2 48. Kxg5 Nd3 49. Bf3 Ne5 50. Nxe5 Rxe5+ 51. Kf4 Rc5 52. Kg3 Kg7 53. h4 Kh6 54. Bg4 Rc3+ 55. f3 Rd3 56. Kf4 Kg6 57. Kg3 Kf6 58. Kf4 Rd4+ 59. Kg3 Rc4 60. Kg2 Rd4 61. Kg3 Rd3 62. Kf4 Rd4+ 63. Kg3 1/2-1/2